Advanced microeconomic theory (Record no. 16846)
[ view plain ]
| 000 -LEADER | |
|---|---|
| fixed length control field | 00610nam a2200229 4500 |
| 005 - DATE AND TIME OF LATEST TRANSACTION | |
| control field | 20210709093812.0 |
| 006 - FIXED-LENGTH DATA ELEMENTS--ADDITIONAL MATERIAL CHARACTERISTICS--GENERAL INFORMATION | |
| fixed length control field | 000 |
| 007 - PHYSICAL DESCRIPTION FIXED FIELD--GENERAL INFORMATION | |
| fixed length control field | 000 |
| 008 - FIXED-LENGTH DATA ELEMENTS--GENERAL INFORMATION | |
| fixed length control field | 000 |
| 020 ## - INTERNATIONAL STANDARD BOOK NUMBER | |
| International Standard Book Number | 9780273731917 |
| 040 ## - CATALOGING SOURCE | |
| Original cataloging agency | UOEL |
| 050 ## - LIBRARY OF CONGRESS CALL NUMBER | |
| Classification number | HB172 |
| Item number | .J44 1998 |
| 100 ## - MAIN ENTRY--PERSONAL NAME | |
| Personal name | Jehle, Geoffrey A. |
| 245 ## - TITLE STATEMENT | |
| Title | Advanced microeconomic theory |
| Statement of responsibility, etc | by Geoffrey A. Jehle |
| 250 ## - EDITION STATEMENT | |
| Edition statement | 3rd ed. |
| 260 ## - PUBLICATION, DISTRIBUTION, ETC. (IMPRINT) | |
| Place of publication, distribution, etc | England : |
| Name of publisher, distributor, etc | Pearson education limited , |
| Date of publication, distribution, etc | c2011. |
| 300 ## - PHYSICAL DESCRIPTION | |
| Extent | xvi, 656 p. : |
| Other physical details | ill. |
| 500 ## - GENERAL NOTE | |
| General note | Includes Bibliographical references and index |
| 650 ## - SUBJECT ADDED ENTRY--TOPICAL TERM | |
| Topical term or geographic name as entry element | Microeconomic theory |
| General subdivision | Economics |
| 700 ## - ADDED ENTRY--PERSONAL NAME | |
| Personal name | Philip J. Reny |
| 942 ## - ADDED ENTRY ELEMENTS (KOHA) | |
| Source of classification or shelving scheme | Library of Congress Classification |
| Item type | Loan - Normal on open shelf |
| Withdrawn status | Lost status | Source of classification or shelving scheme | Damaged status | Not for loan | Home library | Current library | Date acquired | Total Checkouts | Full call number | Barcode | Date last seen | Copy number | Price effective from | Koha item type | Shelving location |
|---|---|---|---|---|---|---|---|---|---|---|---|---|---|---|---|
| Library of Congress Classification | UOE Main Library | UOE Main Library | 06/02/2020 | HB172 .J44 1998 | 20156482 | 06/02/2020 | 20156482 | 06/02/2020 | Short Loan for 1 day | ||||||
| Library of Congress Classification | UOE Main Library | UOE Main Library | 06/02/2020 | HB172 .J44 1998 | 20156483 | 27/04/2026 | 20156483 | 06/02/2020 | Short Loan for 1 day | Short Loan Area | |||||
| Library of Congress Classification | UOE Main Library | UOE Main Library | 06/02/2020 | HB172 .J44 1998 | 20156484 | 27/04/2026 | 20156484 | 06/02/2020 | Loan - Normal on open shelf | Open shelf | |||||
| Library of Congress Classification | UOE Town Campus | UOE Town Campus | 17/11/2020 | HB172 .J44 1998 | 20156481 | 17/11/2020 | 20156481 | 17/11/2020 | Loan - Normal on open shelf | Open shelf | |||||
| Library of Congress Classification | UOE Town Campus | UOE Town Campus | 17/11/2020 | HB172 .J44 1998 | 20156480 | 17/11/2020 | 20156480 | 17/11/2020 | Loan - Normal on open shelf | Open shelf |
